000 00730nam a2200253Ia 4500
003 OSt
005 20220918203736.0
006 a|||||r|||| 00| 0
007 ta
008 220917b |||||||| |||| 00| 0 eng d
024 _a109,641
037 _cTextual
040 _aARTS
_cARTS
_beng
041 _2eng
_aeng
082 _aV4651:(MV41).N57<-N21, K7
100 _aVatikiotis P J
245 0 _aPolitics and the military in Jordan
_b A study of the Arab legion 1921-1957
260 _aLondon
_bFrank Cass
_c1967
300 _axvi, 169p.
_ccm.
500 _aAppendix p162-163
650 _aHISTORY
942 _hV4651:(MV41).N57<-N21, K7
_cTEXL
_2CC
999 _c232991
_d232991